000 00747nam a2200253Ia 4500
003 OSt
005 20220925171248.0
006 a|||||r|||| 00| 0
007 ta
008 220923b |||||||| |||| 00| 0 eng d
020 _a3540577378
037 _cGeneral Book
040 _aRTL
_cRTL
_beng
041 _2eng
_aeng
082 _aX0gF, N4
100 _aCurzio Alberto Quadrio and others Ed.
_9238936
245 0 _aInnovation, resources and economic growth
260 _aBerlin
_bSpringer-Verlag
_c1994
300 _aviii, 300p
_ccm.
500 _aBibliography chapterwise
650 _aEconomics irt Technology
942 _hX0gF, N4
_cGB
_2CC
999 _c482102
_d482102